|
|
|
|
| LEADER |
00000cam a2200000 7i4500 |
| 001 |
0000072021 |
| 005 |
20110524093000.0 |
| 008 |
110411s2009 nyu eng |
| 020 |
|
|
|a 020388342X (electronic bk.)
|
| 020 |
|
|
|a 0415992397 (Cloth)
|
| 020 |
|
|
|a 6611932534 (electronic bk.)
|
| 020 |
|
|
|a 9780203883426 (electronic bk.)
|
| 020 |
|
|
|a 9780415992398
|
| 020 |
|
|
|a 9786611932534 (electronic bk.)
|
| 050 |
0 |
0 |
|a P204
|b .V47 2009
|
| 090 |
0 |
0 |
|a P204
|b .V47 2009
|
| 245 |
0 |
0 |
|a Vernacular universals and language contacts [
|h electronic resource] :
|b evidence from varieties of English and beyond
|c edited by Markku Filppula, Juhani Klemola & Heli Paulasto
|
| 260 |
|
|
|a New York :
|b Routledge ,
|c c2009
|
| 300 |
|
|
|a 1 online resource (vi, 385 p.) :
|b ill., maps
|
| 490 |
1 |
|
|a Routledge studies in Germanic linguistics
|v 14
|
| 500 |
|
|
|a "This Overview and all the other articles in this volume are based on papers presented at an international symposium on World Englishes: Vernacular Universals vs Contact-Induced Change, held at the University of Joensuu Research Station at Mekrijearvi,
|
| 500 |
|
|
|a Description based on print version record
|
| 504 |
|
|
|a Includes bibliographical references and indexes
|
| 505 |
0 |
|
|a 1. Cognition and the linguistic continuum from vernacular to standard -- 2. Vernacular universals and angloversals in a typological perspective -- 3. How diagnostic are English universals? -- 4. Number agreement in existential constructions : a sociolinguistic study of eighteenth-century English -- 5. There 'was' universals : then there 'weren't' : a comparative sociolinguistic perspective on 'default singulars' -- 6. Irish daughters of northern British relatives : internal and external constraints on the system of relativisation in South Armagh English (SArE) -- 7. The case of Bungi : evidence for vernacular universals -- 8. The regularisation of the hiatus resolution system in British English : a contact-induced 'vernacular universal'? --
9. The interplay of 'universals' and contact-induced change in the emergence of new Englishes -- 10. Digging for roots : universals and contact in regional varieties of English -- 11. Methods and inferences in the study of substrate influence -- 12. Some offspring of colonial English are Creole -- 13. Vernacular universals and the sociolinguistic typology of English dialects -- 14. Linguistic universals and vernacular data -- 15. Why universals versus contact-induced change?
|
| 520 |
|
|
|a Discusses the role of two major factors shaping the grammars of different varieties of English (and of other languages) all over the world: so-called vernacular universals and contact-induced change. This book focuses on putative universal vernacular features
|
| 650 |
|
0 |
|a English language
|x Variation
|
| 650 |
|
0 |
|a Languages in contact
|
| 650 |
|
0 |
|a Linguistic change
|
| 650 |
|
0 |
|a Linguistic universals
|
| 700 |
1 |
|
|a Filppula, Markku ,
|e author
|
| 700 |
1 |
|
|a Klemola, Juhani ,
|e author
|
| 700 |
1 |
|
|a Paulasto, Heli ,
|e author
|
| 856 |
4 |
0 |
|3 NetLibrary
|u http://www.netlibrary.com/urlapi.asp?action=summary&v=1&bookid=260637
|
| 999 |
|
|
|a 1000138694
|b Electronic Resource
|c OPEN SHELF (30 DAYS)
|e Gong Badak Campus
|